000
00412nam a22001217a 4500
040
_c
SK
082
_a
658
100
_a
VON MONIN; វន មុនិន្ទ
245
_a
Fund raising and project management & development; គម្រោងសំណើថវិកាគ្រប់គ្រងនិង អភិវឌ្ឍន៍គំរោង
260
_a
RUA
_b
VON
_c
2010
300
_a
51p.
942
_c
KB
999
_c
9216
_d
9216